000
00270nam a22001217a 4500
008
140107t xxu||||| |||| 00| 0 eng d
020
_a
969-35-1552-8
100
_a
Ashfaq Ahmad
_9
552
245
_a
Katia Watia
246
_a
katiya watiya
300
_a
340
942
_2
ddc
_c
BK
999
_c
16823
_d
16823